[Event "3o Piacenza Chess Festival - Open C"]
[Site "Piacenza ITA"]
[Date "2025.10.25"]
[Round "3.18"]
[White "CHIARELLI, Massimo"]
[Black "MANTOVANI, Beatrice Raiana"]
[Result "1-0"]
[WhiteElo "1611"]
[BlackElo "1399"]
[PlyCount "75"]
[EventDate "2025.10.24"]

1. b4 e5 2. a3 d5 3. Bb2 Bd6 4. Nf3 f6 5. e3 Bf5 6. c4 c6 7. cxd5 cxd5 8. Bb5+
Nc6 9. Nc3 Nge7 10. O-O a6 11. Be2 b5 12. Qb3 Be4 13. d3 Bxf3 14. Bxf3 d4 15.
Ne4 f5 16. Ng5 Rf8 17. Ne6 Qd7 18. Nxg7+ Kd8 19. Ne6+ Kc8 20. Nxf8 Qe8 21. Qe6+
Kc7 22. Bxc6 Qxf8 23. Bxa8 Qxa8 24. Rac1+ Kd8 25. Qxd6+ Ke8 26. Rc7 Qd8 27.
Qxd8+ Kxd8 28. Rfc1 dxe3 29. fxe3 Nd5 30. Bxe5 Nxc7 31. Rxc7 Ke8 32. Rxh7 Kd8
33. Rg7 Ke8 34. h4 Kf8 35. h5 Ke8 36. h6 Kf8 37. h7 Ke8 38. h8=Q# 1-0

[Event "3o Piacenza Chess Festival - Open C"]
[Site "Piacenza ITA"]
[Date "2025.10.25"]
[Round "3.19"]
[White "SALERNO, Filippo"]
[Black "MANTOVANI, Rafael Enzo"]
[Result "0-1"]
[WhiteElo "1399"]
[BlackElo "1475"]
[PlyCount "58"]
[EventDate "2025.10.24"]

1. d4 Nf6 2. c4 g6 3. Nc3 d5 4. e3 Bg7 5. Nf3 O-O 6. Bd3 c5 7. O-O Nc6 8. Re1
a6 9. a4 e6 10. Qc2 Nb4 11. Qb1 Nxd3 12. Qxd3 Qc7 13. Ne5 Rd8 14. e4 cxd4 15.
Qxd4 dxe4 16. Qe3 Qxe5 17. f4 Qc7 18. b3 Rd3 19. Qf2 Rxc3 20. Ra3 Ng4 21. Qd2
Qc5+ 22. Kf1 Nxh2+ 23. Ke2 Qh5+ 24. Kf2 Ng4+ 25. Kg1 Qh2+ 26. Kf1 Rd3 27. Qc2
Rf3+ 28. Ke2 Qxg2+ 29. Kd1 Rd3+ 0-1

[Event "3o Piacenza Chess Festival - Open C"]
[Site "Piacenza ITA"]
[Date "2025.10.25"]
[Round "3.20"]
[White "MAGRI', Antonio"]
[Black "PIERSIMONI, Niccolo'"]
[Result "1-0"]
[WhiteElo "1399"]
[BlackElo "1399"]
[PlyCount "85"]
[EventDate "2025.10.24"]

1. e4 g6 2. Nf3 Bg7 3. d4 d6 4. Bc4 c6 5. O-O Bg4 6. Qd3 e6 7. a3 Ne7 8. Nbd2
O-O 9. Qb3 b6 10. c3 d5 11. Bd3 Nd7 12. e5 c5 13. c4 cxd4 14. cxd5 exd5 15. Re1
Nc5 16. Qc2 Rc8 17. Qb1 Nc6 18. b4 Nd7 19. h3 Bxf3 20. Nxf3 Ndxe5 21. Nxe5 Nxe5
22. Ba6 Rc6 23. Bb5 Re6 24. Bf4 d3 25. Bxe5 Rxe5 26. Qxd3 Qe7 27. Kf1 a6 28.
Bc6 Qe6 29. b5 axb5 30. Bxb5 Re4 31. Rad1 Rd8 32. a4 Qe5 33. Rxe4 dxe4 34.
Qxd8+ Bf8 35. Kg1 e3 36. fxe3 Qxe3+ 37. Kh1 Kg7 38. Qd4+ Qxd4 39. Rxd4 Bc5 40.
Rd5 Bb4 41. Kh2 Kf6 42. Rd7 Ba5 43. g4 1-0

[Event "3o Piacenza Chess Festival - Open C"]
[Site "Piacenza ITA"]
[Date "2025.10.25"]
[Round "4.1"]
[White "BRUNO, Carmine"]
[Black "NEGRI, Fabio"]
[Result "1-0"]
[WhiteElo "1553"]
[BlackElo "1652"]
[PlyCount "99"]
[EventDate "2025.10.24"]

1. d4 Nf6 2. Nc3 d5 3. Bf4 a6 4. e3 Bf5 5. f3 e6 6. g4 Bg6 7. h4 h6 8. Bd3 Bxd3
9. cxd3 Bd6 10. Nge2 Qe7 11. Kf2 Nc6 12. g5 hxg5 13. hxg5 Nh5 14. Bxd6 Qxd6 15.
Nf4 g6 16. Nxh5 gxh5 17. Qg1 O-O-O 18. f4 Ne7 19. Rc1 Kb8 20. Qe1 Nf5 21. Na4
b6 22. Qc3 Kb7 23. Kf3 h4 24. Qb3 h3 25. Rh2 Rh4 26. Qc3 Nxe3 27. Qxc7+ Qxc7
28. Rxc7+ Kxc7 29. Kxe3 Rf8 30. Nc3 f6 31. g6 f5 32. Nb1 Rg8 33. Nd2 Rxg6 34.
Nf3 Rg3 35. Kf2 Rg2+ 36. Rxg2 Rxf4 37. Rh2 Rg4 38. Rxh3 Rg7 39. Ne5 b5 40. Rh1
Kd6 41. Rc1 Ra7 42. Rc6+ Ke7 43. Ng6+ Kf7 44. Nf4 Re7 45. Rxa6 Rc7 46. Rxe6
Rc2+ 47. Re2 Rc6 48. Nxd5 Rd6 49. Re7+ Kf8 50. Re5 1-0

[Event "3o Piacenza Chess Festival - Open C"]
[Site "Piacenza ITA"]
[Date "2025.10.25"]
[Round "4.2"]
[White "SCOVAZZI, Tullio"]
[Black "PORISINI, Gabriele"]
[Result "1-0"]
[WhiteElo "1555"]
[BlackElo "1463"]
[PlyCount "119"]
[EventDate "2025.10.24"]

1. e4 e6 2. d4 d5 3. Nd2 Nf6 4. e5 Nfd7 5. Bd3 c5 6. c3 Nc6 7. Ne2 Qb6 8. Nf3
Be7 9. O-O O-O 10. Re1 cxd4 11. cxd4 f6 12. Nf4 fxe5 13. dxe5 Bc5 14. Re2 Ndxe5
15. Nxe5 Nxe5 16. Rxe5 Bd6 17. Qe2 Bxe5 18. Qxe5 Bd7 19. Be3 Qd8 20. Nxe6 Qe7
21. Bxh7+ Kxh7 22. Qh5+ Kg8 23. Nxf8 Rxf8 24. Qxd5+ Be6 25. Bc5 Bxd5 26. Bxe7
Re8 27. Bc5 a6 28. Be3 Rc8 29. a3 Kf7 30. Rc1 Bc6 31. Kf1 Kf6 32. f4 Kf5 33.
Kf2 Rh8 34. h3 Rf8 35. Rc4 Bb5 36. g4+ Kg6 37. Rc7 Bc6 38. f5+ Kh7 39. Bd4 Rg8
40. Kg3 Kh6 41. Kf4 g5+ 42. Kg3 Re8 43. f6 Kg6 44. Rg7+ Kh6 45. Bc5 Rd8 46. Be3
Rd3 47. Kf2 Rd5 48. h4 Rf5+ 49. gxf5 Be4 50. hxg5+ Kh5 51. f7 Bxf5 52. f8=Q b5
53. Qh8+ Kg4 54. Qh2 b4 55. Rg8 bxa3 56. bxa3 a5 57. Rh8 Bh7 58. Qf4+ Kh5 59.
Rxh7+ Kg6 60. Qf7# 1-0

[Event "3o Piacenza Chess Festival - Open C"]
[Site "Piacenza ITA"]
[Date "2025.10.25"]
[Round "4.3"]
[White "ADINOLFI, Filippo"]
[Black "BURATTI, Emanuele"]
[Result "1/2-1/2"]
[WhiteElo "1629"]
[BlackElo "1615"]
[PlyCount "77"]
[EventDate "2025.10.24"]

1. c4 e5 2. Nc3 Nf6 3. Nf3 Nc6 4. e3 Bb4 5. Qc2 h6 6. Nd5 d6 7. a3 Ba5 8. b4
Bb6 9. Nxf6+ Qxf6 10. Bb2 Bf5 11. d3 O-O 12. Be2 Qe7 13. O-O Rac8 14. Qc3 f6
15. Nh4 Bh7 16. Bh5 f5 17. Ng6 Bxg6 18. Bxg6 Qg5 19. c5 dxc5 20. Qc4+ Kh8 21.
Bf7 cxb4 22. axb4 Qe7 23. Bh5 Qxb4 24. Qc2 Rcd8 25. Ba3 Qh4 26. Bxf8 Rxf8 27.
Bf3 f4 28. Ra4 Qf6 29. exf4 Nd4 30. Qd1 Qxf4 31. Bxb7 Qh4 32. g3 Qf6 33. Be4
Nf3+ 34. Qxf3 Qxf3 35. Bxf3 Rxf3 36. Ra3 e4 37. Kg2 Kg8 38. Ra4 Rxd3 39. Rxe4
1/2-1/2

[Event "3o Piacenza Chess Festival - Open C"]
[Site "Piacenza ITA"]
[Date "2025.10.25"]
[Round "4.4"]
[White "PAGNANINI, Andrea"]
[Black "GARZIA, Tommaso"]
[Result "1-0"]
[WhiteElo "1688"]
[BlackElo "1585"]
[PlyCount "115"]
[EventDate "2025.10.24"]

1. e4 e5 2. Nc3 Nf6 3. f4 d6 4. Nf3 Nc6 5. Bb5 Bg4 6. h3 Bxf3 7. Qxf3 Nd7 8.
Bxc6 bxc6 9. d3 g6 10. O-O Bg7 11. f5 Rf8 12. Be3 a6 13. g4 h6 14. Rf2 g5 15.
Ne2 Rh8 16. Ng3 f6 17. Nh5 Bf8 18. d4 Qe7 19. Qe2 exd4 20. Bxd4 Ne5 21. Kg2 c5
22. Bc3 Kf7 23. Re1 c6 24. Bxe5 Qxe5 25. Qc4+ d5 26. exd5 Qxd5+ 27. Qxd5+ cxd5
28. Re6 Be7 29. Rfe2 Ra7 30. Rb6 Re8 31. Ree6 Bd8 32. Rxe8 Bxb6 33. Rh8 d4 34.
Rxh6 Re7 35. Rh7+ Kf8 36. Rxe7 Kxe7 37. Kf3 Bd8 38. Ng7 Kf7 39. Ne6 Be7 40. Ke4
a5 41. Kd5 c4 42. Kxc4 Bd6 43. Kxd4 Be5+ 44. Kc4 Bxb2 45. Kb5 Bc3 46. Nd8+ Ke7
47. Nc6+ Kd7 48. Nxa5 Kc7 49. Nc4 Kb7 50. Nd6+ Kc7 51. Ne4 Bd4 52. c4 Kb7 53.
c5 Kb8 54. Kc6 Be5 55. Kd7 Bd4 56. c6 Be5 57. Nd6 Bxd6 58. Kxd6 1-0

[Event "3o Piacenza Chess Festival - Open C"]
[Site "Piacenza ITA"]
[Date "2025.10.25"]
[Round "4.5"]
[White "DUQUE BURBANO, Radharani"]
[Black "FOLCINI, Gaddo"]
[Result "1-0"]
[WhiteElo "1399"]
[BlackElo "1648"]
[PlyCount "45"]
[EventDate "2025.10.24"]

1. e4 e5 2. Nf3 d5 3. Nxe5 Nf6 4. exd5 Qxd5 5. d4 Be6 6. Nc3 Bb4 7. a3 Bxc3+ 8.
bxc3 O-O 9. Nf3 Bg4 10. Be2 Bxf3 11. Bxf3 Re8+ 12. Be3 Rxe3+ 13. fxe3 Qe6 14.
Bxb7 Qxe3+ 15. Kf1 Ne4 16. Qe2 Qf4+ 17. Kg1 f5 18. Bxa8 Nd7 19. Bxe4 fxe4 20.
Rf1 Qh4 21. Qc4+ Kh8 22. Qxc7 Nf6 23. Qd8+ 1-0

[Event "3o Piacenza Chess Festival - Open C"]
[Site "Piacenza ITA"]
[Date "2025.10.25"]
[Round "4.6"]
[White "VARLI, Mehmet Fatih"]
[Black "TIRELLI, Stefano"]
[Result "1-0"]
[WhiteElo "1607"]
[BlackElo "1593"]
[PlyCount "107"]
[EventDate "2025.10.24"]

1. d4 Nf6 2. Bf4 d6 3. Nf3 Nbd7 4. Nbd2 c5 5. c3 Qc7 6. e4 e5 7. Bg3 Be7 8. d5
a6 9. a4 O-O 10. Bd3 Re8 11. Nc4 Nf8 12. b4 cxb4 13. cxb4 Bg4 14. Rc1 Rac8 15.
O-O Qd8 16. h3 Bd7 17. Nfxe5 dxe5 18. d6 Ng6 19. dxe7 Qxe7 20. Qd2 Bxa4 21. Nb6
Rxc1 22. Rxc1 Bc6 23. f3 Rd8 24. Qc3 Qd6 25. Bb1 h6 26. Nc4 Qd4+ 27. Qxd4 Rxd4
28. Bf2 Rd8 29. Bb6 Rd7 30. Kf2 Bb5 31. Be3 Rc7 32. Nd6 Rxc1 33. Bxc1 Bc6 34.
Ba2 Nf4 35. Bd2 Ne6 36. Bc3 Nd7 37. Nc4 Nd4 38. Nxe5 Nxe5 39. Bxd4 Nd3+ 40. Ke3
Nxb4 41. Bb3 Kh7 42. Bc5 a5 43. Bxb4 axb4 44. Bxf7 g6 45. Bb3 Kg7 46. e5 Kf8
47. h4 Kg7 48. g4 Kf8 49. f4 Ke7 50. f5 gxf5 51. gxf5 b6 52. Kf4 Be8 53. f6+
Kf8 54. e6 1-0

[Event "3o Piacenza Chess Festival - Open C"]
[Site "Piacenza ITA"]
[Date "2025.10.25"]
[Round "4.7"]
[White "ROCCHI, Renato"]
[Black "DRUDI, Matteo"]
[Result "1/2-1/2"]
[WhiteElo "1587"]
[BlackElo "1602"]
[PlyCount "107"]
[EventDate "2025.10.24"]

1. e4 d5 2. exd5 Qxd5 3. Nf3 Nf6 4. d4 c6 5. c4 Qa5+ 6. Bd2 Qc7 7. Bd3 Bg4 8.
h3 Bh5 9. Nc3 e6 10. g4 Bg6 11. Qc2 Bd6 12. Bxg6 hxg6 13. Qc1 Nbd7 14. Kf1 Nxg4
15. Kg2 Ngf6 16. c5 Be7 17. Bf4 Qc8 18. b4 Bd8 19. Re1 Bc7 20. Ne5 Nxe5 21.
dxe5 Nd5 22. Nxd5 cxd5 23. a4 a6 24. Ra3 Qd7 25. Bh2 Rh5 26. Re2 Ke7 27. f4
Rah8 28. Rc2 Qc6 29. b5 axb5 30. axb5 Qxb5 31. c6 bxc6 32. Rxc6 Bb8 33. Bg1
Qe2+ 34. Bf2 Qe4+ 35. Kg1 Rd8 36. Qc5+ Ke8 37. Rc3 Qxf4 38. Rc8 Qg5+ 39. Rg3
Qe7 40. Qb5+ Qd7 41. Rxb8 Qxb5 42. Rxb5 Rxe5 43. Rgb3 f6 44. h4 Rc8 45. Rb7 Kf8
46. Rd7 g5 47. Rbb7 gxh4 48. Rf7+ Kg8 49. Rxg7+ Kh8 50. Rh7+ Kg8 51. Bxh4 Rf5
52. Rbg7+ Kf8 53. Rf7+ Kg8 54. Rfg7+ 1/2-1/2

[Event "3o Piacenza Chess Festival - Open C"]
[Site "Piacenza ITA"]
[Date "2025.10.25"]
[Round "4.8"]
[White "BERGONZI, Andrea"]
[Black "LUI, Maurizio"]
[Result "1-0"]
[WhiteElo "1598"]
[BlackElo "1540"]
[PlyCount "63"]
[EventDate "2025.10.24"]

1. e4 e5 2. Nf3 Nf6 3. Nxe5 d6 4. Nf3 Nxe4 5. d4 d5 6. Bd3 Bd6 7. O-O O-O 8.
Re1 Re8 9. c4 c6 10. Qb3 b6 11. Nc3 Nxc3 12. Rxe8+ Qxe8 13. Qxc3 Bg4 14. Ne5
Bh5 15. Bc2 f6 16. Nd3 dxc4 17. Qxc4+ Bf7 18. Qc3 Na6 19. Bf4 Qd7 20. a3 Rd8
21. Rd1 Nc7 22. Be3 Nb5 23. Qd2 Nxd4 24. Bxd4 Bxh2+ 25. Kxh2 Qxd4 26. Qf4 Qd5
27. Qf3 Qd6+ 28. Nf4 Bd5 29. Qg3 Qc7 30. Nxd5 Qxg3+ 31. Kxg3 Rxd5 32. Bb3 1-0

[Event "3o Piacenza Chess Festival - Open C"]
[Site "Piacenza ITA"]
[Date "2025.10.25"]
[Round "4.9"]
[White "CRISCI, Carlo"]
[Black "LOSIO, Antonio"]
[Result "1-0"]
[WhiteElo "1665"]
[BlackElo "1399"]
[PlyCount "29"]
[EventDate "2025.10.24"]

1. e4 c5 2. Nf3 d6 3. d4 cxd4 4. c3 dxc3 5. Nxc3 e5 6. Bc4 Bg4 7. Qb3 Qd7 8.
Ng5 Bh5 9. Be3 a6 10. Nd5 Nc6 11. Nb6 Na5 12. Qc3 Qc7 13. Bxf7+ Qxf7 14. Nxf7
Rb8 15. Nxh8 1-0

[Event "3o Piacenza Chess Festival - Open C"]
[Site "Piacenza ITA"]
[Date "2025.10.25"]
[Round "4.10"]
[White "RAIMONDI, Celso"]
[Black "OLIVEIRA PROVENZANO, Frederico"]
[Result "1/2-1/2"]
[WhiteElo "1641"]
[BlackElo "1399"]
[PlyCount "117"]
[EventDate "2025.10.24"]

1. d4 f5 2. c4 e6 3. Nc3 Bb4 4. Qc2 b6 5. a3 Bxc3+ 6. Qxc3 Bb7 7. Nf3 Nf6 8.
Bg5 O-O 9. g3 d6 10. Bg2 Nbd7 11. O-O Qe8 12. Nd2 Be4 13. f3 Bb7 14. Qc2 h6 15.
Bxf6 Nxf6 16. e4 fxe4 17. fxe4 e5 18. d5 c5 19. Bh3 Bc8 20. Bxc8 Rxc8 21. Rae1
Qh5 22. Rf5 Qg6 23. Ref1 Ng4 24. Rxf8+ Rxf8 25. Rxf8+ Kxf8 26. Qd3 Qf6 27. Qf3
Qxf3 28. Nxf3 Ne3 29. b3 g5 30. Nd2 Nc2 31. a4 Nd4 32. h3 h5 33. Kf2 a6 34. Ke3
Ke7 35. Kd3 Kd7 36. Ke3 Kc7 37. Kd3 Kb7 38. Ke3 b5 39. axb5 axb5 40. Kd3 Kb6
41. Ke3 Ka5 42. cxb5 Kxb5 43. Nc4 Kb4 44. Nxd6 Kxb3 45. Nf5 Nxf5+ 46. exf5 c4
47. Kd2 Kb2 48. f6 c3+ 49. Kd3 c2 50. f7 c1=Q 51. f8=Q Qc3+ 52. Ke4 Qd4+ 53.
Kf3 Qxd5+ 54. Kf2 Qd4+ 55. Ke2 Qc4+ 56. Kf2 Qc2+ 57. Ke3 e4 58. Qb4+ Ka2 59.
Qxe4 1/2-1/2

[Event "3o Piacenza Chess Festival - Open C"]
[Site "Piacenza ITA"]
[Date "2025.10.25"]
[Round "4.12"]
[White "CANELLI, Nicolino"]
[Black "MARTINO, Gianluca"]
[Result "1/2-1/2"]
[WhiteElo "1496"]
[BlackElo "1560"]
[PlyCount "59"]
[EventDate "2025.10.24"]

1. e4 c6 2. d4 d5 3. e5 Bf5 4. Bd3 Bg6 5. Nh3 Bxd3 6. Qxd3 e6 7. Ng5 g6 8. Qf3
Nh6 9. O-O Bg7 10. Nc3 O-O 11. Bd2 Nd7 12. Rfe1 Qb6 13. Qd3 Nf5 14. Nf3 c5 15.
Na4 Qc6 16. b3 b5 17. Nb2 c4 18. Qc3 Rfc8 19. Rec1 Bf8 20. a3 f6 21. g4 Ne7 22.
h4 Bg7 23. Kg2 Kf7 24. g5 f5 25. Rh1 Rh8 26. a4 a6 27. h5 Qb7 28. b4 Nb6 29. a5
Nd7 30. h6 1/2-1/2

[Event "3o Piacenza Chess Festival - Open C"]
[Site "Piacenza ITA"]
[Date "2025.10.25"]
[Round "4.13"]
[White "MANTOVANI, Rafael Enzo"]
[Black "COSTA, Luciano"]
[Result "1-0"]
[WhiteElo "1475"]
[BlackElo "1625"]
[PlyCount "47"]
[EventDate "2025.10.24"]

1. e4 e6 2. d4 d5 3. Nc3 Nf6 4. Bg5 Be7 5. e5 Nfd7 6. Bxe7 Qxe7 7. Bd3 c5 8. f4
a6 9. Nf3 Nc6 10. Be2 cxd4 11. Nxd4 Nxd4 12. Qxd4 Qc5 13. Qd3 b5 14. O-O-O Nb6
15. Ne4 Qe7 16. Nd6+ Kd8 17. Qc3 Bb7 18. Rd2 Nc8 19. Qa5+ Kd7 20. Nxb7 Ra7 21.
Nd6 Rf8 22. Rhd1 Nxd6 23. exd6 Kxd6 24. Qb6+ 1-0

[Event "3o Piacenza Chess Festival - Open C"]
[Site "Piacenza ITA"]
[Date "2025.10.25"]
[Round "4.14"]
[White "MAGGI, Stefano"]
[Black "MAGRI', Antonio"]
[Result "1-0"]
[WhiteElo "1620"]
[BlackElo "1399"]
[PlyCount "63"]
[EventDate "2025.10.24"]

1. d4 Nf6 2. c4 e6 3. Nc3 Bb4 4. a3 Bxc3+ 5. bxc3 Nc6 6. Bg5 h6 7. Bh4 g5 8.
Bg3 Ne4 9. Qd3 Nxg3 10. Qxg3 d5 11. cxd5 Qxd5 12. Qd3 b6 13. e4 Qd7 14. Be2 Bb7
15. Nf3 O-O-O 16. Nd2 e5 17. d5 Ne7 18. c4 f5 19. exf5 Qxf5 20. Qc3 Ba6 21. Qb4
Qf4 22. Qxe7 Qd4 23. Rd1 Rhf8 24. O-O g4 25. Qe6+ Kb8 26. Qxg4 Qc5 27. Ra1 Bb7
28. Qh5 Qd4 29. Nf3 Qb2 30. Qxe5 Qc2 31. Nd4 Qg6 32. Ne6 1-0

[Event "3o Piacenza Chess Festival - Open C"]
[Site "Piacenza ITA"]
[Date "2025.10.25"]
[Round "4.15"]
[White "COSTA, Vittorio"]
[Black "CHIARELLI, Massimo"]
[Result "0-1"]
[WhiteElo "1455"]
[BlackElo "1611"]
[PlyCount "88"]
[EventDate "2025.10.24"]

1. e4 c5 2. Nf3 d6 3. d4 cxd4 4. Nxd4 Nf6 5. Nc3 g6 6. Bd3 Bg7 7. O-O O-O 8.
Be3 Ng4 9. Qe2 Nxe3 10. Qxe3 a6 11. Bc4 Nc6 12. Nxc6 bxc6 13. Rad1 Qc7 14. h3
a5 15. a4 Ba6 16. Qd3 Bxc4 17. Qxc4 Rab8 18. b3 Qa7 19. Ne2 c5 20. c3 Rb6 21.
Rb1 Rfb8 22. Rb2 Qb7 23. Rfb1 e6 24. f3 Bf8 25. Nf4 Qe7 26. Kf2 Qf6 27. Ne2 Bg7
28. g3 g5 29. Kg2 h5 30. Rf1 Rb4 31. Qd3 Rxb3 32. Rxb3 Rxb3 33. Qxd6 Rb2 34.
Rf2 Bf8 35. Qa6 Qd8 36. Nc1 Rb1 37. Rc2 Rxc1 38. Qe2 Qd1 39. Qxd1 Rxd1 40. c4
Bg7 41. f4 gxf4 42. gxf4 Bd4 43. f5 Ra1 44. fxe6 fxe6 0-1

[Event "3o Piacenza Chess Festival - Open C"]
[Site "Piacenza ITA"]
[Date "2025.10.25"]
[Round "4.16"]
[White "GALLI, Fabrizio"]
[Black "POCI, Sara Angela Maria"]
[Result "1-0"]
[WhiteElo "1529"]
[BlackElo "1399"]
[PlyCount "53"]
[EventDate "2025.10.24"]

1. d4 d5 2. Nf3 Nc6 3. Bf4 f6 4. c3 e5 5. dxe5 fxe5 6. Nxe5 Nxe5 7. Bxe5 Qe7 8.
Bg3 Be6 9. e3 O-O-O 10. Bd3 Nf6 11. h3 Ne4 12. Bh2 Qf7 13. O-O Bd6 14. Nd2 Nc5
15. Be2 Qg6 16. Bg4 Bxg4 17. hxg4 Nd3 18. b4 Qh6 19. Bxd6 Rxd6 20. Nb3 Ne5 21.
Nd4 Rf8 22. Nf5 Rxf5 23. gxf5 Qg5 24. f4 Qxf5 25. fxe5 Qxe5 26. Qg4+ Rd7 27.
Rf8+ 1-0

[Event "3o Piacenza Chess Festival - Open C"]
[Site "Piacenza ITA"]
[Date "2025.10.25"]
[Round "4.17"]
[White "STORARI, Asaph"]
[Black "IANNONE, Raffaella"]
[Result "0-1"]
[WhiteElo "1399"]
[BlackElo "1494"]
[PlyCount "94"]
[EventDate "2025.10.24"]

1. d4 Nf6 2. Bf4 d6 3. Nf3 Nbd7 4. e3 c5 5. c3 a6 6. Bd3 b5 7. Nbd2 Bb7 8. Qc2
c4 9. Be4 d5 10. Bf5 e6 11. Bh3 h6 12. O-O g5 13. Be5 Nxe5 14. dxe5 g4 15. exf6
gxh3 16. gxh3 Rg8+ 17. Kh1 d4 18. Rg1 Rxg1+ 19. Kxg1 d3 20. Qd1 Qxf6 21. a4
O-O-O 22. axb5 axb5 23. Ra7 Bc5 24. Rxb7 Kxb7 25. Ne4 Qg6+ 26. Ng3 Qg7 27. Nd2
f5 28. Qf3+ Kb6 29. Kf1 Qa7 30. Qd1 Qa2 31. Qc1 Ra8 32. Kg2 Qa1 33. Qb1 Ra2 34.
Qxa1 Rxa1 35. h4 Ra2 36. Ngf1 Rxb2 37. e4 Rc2 38. Nb1 Rxf2+ 39. Kg1 Rb2+ 40.
Kh1 Rxb1 41. Kg2 fxe4 42. Kg3 e3 43. Kg2 e2 44. Nd2 Rg1+ 45. Kf3 Rf1+ 46. Kg2
Rf2+ 47. Kh3 e1=Q 0-1

[Event "3o Piacenza Chess Festival - Open C"]
[Site "Piacenza ITA"]
[Date "2025.10.25"]
[Round "4.18"]
[White "PIZZASEGOLA, Rocco"]
[Black "GENESIN, Leandro"]
[Result "0-1"]
[WhiteElo "1409"]
[BlackElo "1399"]
[PlyCount "30"]
[EventDate "2025.10.24"]

1. e4 e5 2. Nf3 Nc6 3. Bc4 g6 4. d3 Bg7 5. Ng5 d5 6. exd5 Nd4 7. d6 Ne6 8. dxc7
Qxc7 9. Bxe6 Bxe6 10. Nxe6 fxe6 11. O-O Ne7 12. Nc3 Nd5 13. Nb5 Qc6 14. c4 Nf4
15. Qa4 Qxg2# 0-1

[Event "3o Piacenza Chess Festival - Open C"]
[Site "Piacenza ITA"]
[Date "2025.10.25"]
[Round "4.19"]
[White "MANTOVANI, Beatrice Raiana"]
[Black "BENEDETTI, Giulia"]
[Result "1/2-1/2"]
[WhiteElo "1399"]
[BlackElo "1399"]
[PlyCount "40"]
[EventDate "2025.10.24"]

1. d4 d5 2. Bf4 Bf5 3. e3 Nf6 4. Nf3 Nc6 5. c3 e6 6. Bd3 Be7 7. Bxf5 exf5 8.
O-O O-O 9. Qd3 Bd6 10. Bxd6 Qxd6 11. Qxf5 g6 12. Qf4 Qxf4 13. exf4 Rae8 14. Ne5
Nxe5 15. fxe5 Ne4 16. Re1 Ng5 17. f4 Ne6 18. g3 c6 19. Nd2 b5 20. b3 a6 1/2-1/2

[Event "3o Piacenza Chess Festival - Open C"]
[Site "Piacenza ITA"]
[Date "2025.10.26"]
[Round "5.1"]
[White "BRUNO, Carmine"]
[Black "SCOVAZZI, Tullio"]
[Result "1-0"]
[WhiteElo "1553"]
[BlackElo "1555"]
[PlyCount "63"]
[EventDate "2025.10.24"]

1. d4 d5 2. Nc3 Bf5 3. Bf4 c6 4. f3 Nf6 5. g4 Bg6 6. h4 h6 7. e3 e6 8. Bd3 Bxd3
9. Qxd3 Bd6 10. Nge2 Qc7 11. Bxd6 Qxd6 12. Nf4 Na6 13. O-O-O O-O-O 14. Qd2 c5
15. Nb5 Qb6 16. a4 Nc7 17. dxc5 Qxc5 18. Nd3 Qb6 19. Qc3 Qxe3+ 20. Kb1 Qb6 21.
Ne5 Rhf8 22. Rd3 a6 23. Nxc7 Qxc7 24. Qd4 Kb8 25. Rc3 Qd6 26. Nc6+ bxc6 27.
Qb6+ Kc8 28. Rxc6+ Qxc6 29. Qxc6+ Kb8 30. Rd1 Rd7 31. Rd3 Rc7 32. Rb3+ 1-0

[Event "3o Piacenza Chess Festival - Open C"]
[Site "Piacenza ITA"]
[Date "2025.10.26"]
[Round "5.2"]
[White "VARLI, Mehmet Fatih"]
[Black "PAGNANINI, Andrea"]
[Result "0-1"]
[WhiteElo "1607"]
[BlackElo "1688"]
[PlyCount "68"]
[EventDate "2025.10.24"]

1. Nf3 Nf6 2. g3 g6 3. Bg2 Bg7 4. d4 d6 5. Nc3 Nbd7 6. e4 e5 7. O-O O-O 8. Ne1
exd4 9. Qxd4 Re8 10. Qd1 Nc5 11. f3 Be6 12. b4 Nfxe4 13. fxe4 Bxc3 14. Rb1 Nd7
15. a3 Bg7 16. Nd3 Ba2 17. Rb2 Bc4 18. Qf3 Ne5 19. Nxe5 Bxe5 20. c3 Bxf1 21.
Bxf1 Qf6 22. Qg2 Bxc3 23. Rc2 Bd4+ 24. Kh1 Rxe4 25. Bg5 Qf5 26. Bd2 Re7 27. Rc1
c6 28. Be2 Rae8 29. Bf3 Qe6 30. Qf1 Qa2 31. Qd3 Be3 32. Bc3 Bxc1 33. Qd4 Re1+
34. Bxe1 Rxe1+ 0-1

[Event "3o Piacenza Chess Festival - Open C"]
[Site "Piacenza ITA"]
[Date "2025.10.26"]
[Round "5.3"]
[White "NEGRI, Fabio"]
[Black "BERGONZI, Andrea"]
[Result "1-0"]
[WhiteElo "1652"]
[BlackElo "1598"]
[PlyCount "88"]
[EventDate "2025.10.24"]

1. d4 Nf6 2. c4 e6 3. g3 Bb4+ 4. Bd2 Be7 5. Nf3 d5 6. Bg2 O-O 7. Qc2 c6 8. O-O
Nbd7 9. Nc3 Re8 10. Rfe1 Bf8 11. e4 dxe4 12. Nxe4 Nxe4 13. Qxe4 Nf6 14. Qc2 c5
15. Bc3 cxd4 16. Bxd4 Qe7 17. Rad1 Bd7 18. Ng5 g6 19. Bxb7 Rab8 20. Bg2 Bh6 21.
Nf3 Bg7 22. Ne5 Qb4 23. Nxd7 Nxd7 24. Bxg7 Kxg7 25. Qd2 Qxd2 26. Rxd2 Nb6 27.
c5 Nd5 28. Bxd5 exd5 29. Rxe8 Rxe8 30. Rxd5 Re1+ 31. Kg2 Rc1 32. b4 Kf6 33. b5
Ke6 34. Rd6+ Ke7 35. Rc6 Kd7 36. Ra6 Rxc5 37. Rxa7+ Ke6 38. b6 Rb5 39. Rb7 Ra5
40. Ra7 Rb5 41. b7 h5 42. a4 Rb2 43. a5 f5 44. Ra6+ Kd7 1-0

[Event "3o Piacenza Chess Festival - Open C"]
[Site "Piacenza ITA"]
[Date "2025.10.26"]
[Round "5.4"]
[White "PORISINI, Gabriele"]
[Black "ADINOLFI, Filippo"]
[Result "0-1"]
[WhiteElo "1463"]
[BlackElo "1629"]
[PlyCount "42"]
[EventDate "2025.10.24"]

1. e4 e5 2. Nf3 Nf6 3. Nxe5 d6 4. Nf3 Nxe4 5. Nc3 Nxc3 6. dxc3 Be7 7. Be3 Nc6
8. Qd2 Be6 9. c4 Qd7 10. O-O-O h6 11. h3 a5 12. g4 Nb4 13. a3 Qa4 14. Qe2 b5
15. axb4 Bxc4 16. Qe1 axb4 17. Bxc4 bxc4 18. Qe2 c3 19. bxc3 bxc3 20. Nd2 Qa1+
21. Nb1 Qb2# 0-1

[Event "3o Piacenza Chess Festival - Open C"]
[Site "Piacenza ITA"]
[Date "2025.10.26"]
[Round "5.5"]
[White "BURATTI, Emanuele"]
[Black "DUQUE BURBANO, Radharani"]
[Result "1-0"]
[WhiteElo "1615"]
[BlackElo "1399"]
[PlyCount "131"]
[EventDate "2025.10.24"]

1. e4 e5 2. Nc3 Nf6 3. f4 Nc6 4. fxe5 Nxe5 5. d4 Nc6 6. e5 Qe7 7. Bg5 h6 8. Nd5
Qd8 9. Nxf6+ gxf6 10. Bxf6 Be7 11. Bxh8 Bb4+ 12. c3 Qh4+ 13. g3 Qe4+ 14. Ne2
Qxh1 15. cxb4 Qxh2 16. Qd2 d6 17. O-O-O Bg4 18. Bf6 Kd7 19. b5 Ne7 20. Bxe7
Kxe7 21. exd6+ cxd6 22. Nc3 Qxg3 23. Be2 Bxe2 24. Qxe2+ Kd7 25. Re1 Qg5+ 26.
Kb1 Rc8 27. Nd5 Qf5+ 28. Ka1 Qe6 29. Qxe6+ fxe6 30. Nf4 e5 31. dxe5 dxe5 32.
Nd3 Re8 33. Nxe5+ Kc7 34. Rc1+ Kb6 35. Nc4+ Kc5 36. a3 Re6 37. Na5+ Kb6 38. Nb3
Re3 39. Nd4 Re4 40. Nf5 h5 41. Rh1 Re5 42. Rxh5 Rxb5 43. Rh6+ Ka5 44. Nd4 Rd5
45. Nb3+ Ka4 46. Ka2 b6 47. Rh7 a5 48. Rh6 Kb5 49. Rh4 Ka6 50. Rd4 Rxd4 51.
Nxd4 a4 52. Kb1 Ka5 53. Kc2 b5 54. Kc3 b4+ 55. axb4+ Kb6 56. Kc4 Ka6 57. Kc5
Kb7 58. Kb5 Kb8 59. Kb6 Ka8 60. Kc7 Ka7 61. b5 a3 62. b6+ Ka6 63. b7 axb2 64.
b8=Q b1=Q 65. Qxb1 Ka5 66. Qb5# 1-0

[Event "3o Piacenza Chess Festival - Open C"]
[Site "Piacenza ITA"]
[Date "2025.10.26"]
[Round "5.6"]
[White "ROCCHI, Renato"]
[Black "CRISCI, Carlo"]
[Result "1/2-1/2"]
[WhiteElo "1587"]
[BlackElo "1665"]
[PlyCount "59"]
[EventDate "2025.10.24"]

1. e4 e6 2. d3 c5 3. f4 d5 4. Nd2 Nc6 5. Ngf3 Nf6 6. e5 Nd7 7. g3 Be7 8. Bg2
O-O 9. O-O f6 10. exf6 Nxf6 11. c3 Re8 12. Re1 Bd6 13. Nf1 Qb6 14. Kh1 d4 15.
c4 e5 16. fxe5 Nxe5 17. Nxe5 Bxe5 18. Qf3 Rb8 19. Bf4 Bg4 20. Qf2 Bxf4 21.
Rxe8+ Rxe8 22. Qxf4 Qxb2 23. Rc1 Qe2 24. h3 Bc8 25. g4 Qe5 26. Qxe5 Rxe5 27.
Rb1 b6 28. a4 Bd7 29. a5 Re6 30. g5 1/2-1/2